| 000 | 00672nam a22002057a 4500 | ||
|---|---|---|---|
| 003 | BD-DhUL | ||
| 005 | 20170822113442.0 | ||
| 008 | 170822s2012 xxka|||| |||| 001 0 eng d | ||
| 020 | _a9780521194372 | ||
| 040 |
_aBD-DhUL _cBD-DhUL |
||
| 082 |
_a111.85 _bSUB |
||
| 245 | 1 | 4 |
_aThe sublime : _b from antiquity to the present / _cedited by Timothy M. Costelloe |
| 260 |
_aCambridge : _bCambridge University Press, _c2012 |
||
| 300 |
_axiii, 304 p. : _b ill. ; _c25 cm |
||
| 365 |
_aGBP _b63.0 |
||
| 504 | _aBibliography: p. 275-294 Includes bibliographical references and index | ||
| 650 | 0 | _aSublime, The | |
| 700 | 1 |
_aCostelloe, Timothy M. _eeditor |
|
| 942 |
_2ddc _cBK |
||
| 999 |
_c213684 _d213684 |
||